Statistics for ABBA songs by lyrics

Click here to take the quiz!

General Stats

  • This quiz has been taken 1,626 times
  • The average score is 9 of 20

Answer Stats

lyricstitle% Correct
In my dreams I have a plan / If I got me a wealthy manMoney Money Money
90%
You can dance, you can jive / Having the time of your lifeDancing Queen
87%
I believe in angels / Something good in everything I seeI Have a Dream
77%
_____ _____ _____ / A man after midnightGimme! Gimme! Gimme!
70%
Don't go wasting your emotion / ___ ___ ____ ____ __ __Lay All Your Love On Me
68%
I don't wanna talk / About things we've gone throughThe Winner Takes It All
66%
There was something in the air that night / The stars were brightFernando
63%
Without a song or a dance / What are we?Thank You For The Music
61%
Tonight the _____ _______ lights are gonna find me / Shining like the sunSuper Trouper
56%
No more carefree laughter / Silence ever afterKnowing Me Knowing You
38%
You say that I waste my time / But I can't get you off my mindTake a Chance On Me
30%
In your eyes / There is no hope for tomorrowChiquitita
27%
But I think I can see in your face / There's a lot you can teach meThe Name of the Game
26%
And here we go again / We know the start, we know the endVoulez Vous
25%
Here's to us, one more toast / And then we'll pay the billWhen All is Said and Done
20%
Love me or leave me / Make your choice but believe meI Do, I Do, I Do, I Do, I Do
19%
The way that you kiss goodnight / The way that you hold me tightHoney Honey
15%
An instrumental piece - also its album's titleArrival
15%
But I know I don't possess you / So go away, God bless youMy Love, My Life
14%
Time to forget, send me a letter / Say you forgive, the sooner the betterHasta Mañana
11%

Score Distribution

Percentile by Number Answered

Percent of People with Each Score

Your Score History

You have not taken this quiz